Länder mit den meisten Nachbarländern - schwer - Statistiken

Allgemein
  • Dieses Quiz wurde 60 mal gespielt
  • Das Durchschnittsergebnis liegt bei 23 aus 34
Antwortstatistiken
Nachbarländer Antwort % Korrekt
9 Deutschland
100%
14 China
97%
9 Demokratische Republik Kongo
95%
14 Russland
95%
10 Brasilien
90%
6 Indien
84%
7 Niger
81%
8 Österreich
81%
8 Frankreich
78%
7 Iran
78%
7 Polen
78%
6 Tschad
74%
7 Ukraine
74%
6 Italien
72%
8 Serbien
72%
8 Türkei
72%
7 Saudi-Arabien
69%
6 Äthiopien
67%
7 Mali
67%
7 Sudan
67%
7 Ungarn
67%
6 Irak
66%
6 Zentralafrikanische Republik
64%
6 Südafrika
62%
6 Afghanistan
59%
6 Südsudan
59%
7 Algerien
57%
6 Burkina Faso
50%
8 Tansania
43%
8 Sambia
41%
6 Kamerun
38%
6 Mosambik
36%
6 Libyen
34%
6 Guinea
29%
Keine übereinstimmenden Quizze gefunden
Verteilung der Resultate
Anzahl Personen mit jedem Resultat
Perzentil nach korrekt beantworteten Fragen
Ihre Resultats-Entwicklung
Sie haben dieses Quiz noch nicht gespielt